Statistics for 50 Most Popular Fast Food Chains 2019

Click here to take the quiz!

General Stats

  • This quiz has been taken 123 times
  • The average score is 23 of 50

Answer Stats

FoodChain% Correct
BurgerMcDonald's
97%
CoffeeStarbucks
96%
BurgerBurger King
93%
SandwichSubway
92%
PizzaPizza Hut
90%
PizzaDomino's
88%
DonutsDunkin' Donuts
88%
ChickenKFC
87%
MexicanTaco Bell
87%
ChickenChick-fil-A
78%
BurgerWendy's
76%
MexicanChipotle
64%
AsianPanda Express
63%
ChickenPopeye's Louisiana Kitchen
62%
Ice CreamDairy Queen
60%
SandwichArby's
59%
PizzaPapa John's
59%
BurgerIn-N-Out Burger
54%
BurgerFive Guys
49%
Ice CreamBaskin-Robbins
48%
BurgerCarl's Jr
45%
BurgerHardee's
45%
BurgerSonic Drive-In
44%
BurgerJack in the Box
41%
PizzaLittle Caesars
41%
BurgerWhataburger
39%
SandwichJimmy John's
35%
SandwichJersey Mike's
34%
CoffeeTim Hortons
34%
SandwichPanera Bread
33%
ChickenChurch's Chicken
32%
PretzelsAuntie Anne's
30%
MexicanDel Taco
30%
SandwichFirehouse Subs
29%
ChickenZaxby's
29%
BurgerShake Shack
28%
ChickenRaising Cane's
27%
MexicanQDOBA
26%
BurgerCheckers/Rally's
23%
BurgerCulver's
22%
ChickenBojangles
21%
MexicanMoe's Southwest Grill
20%
ChickenEl Pollo Loco
17%
ChickenWingstop
17%
BurgerSteak 'n Shake
16%
PizzaPapa Murphy's
15%
SandwichJason's Deli
12%
SandwichMcAlister's Deli
12%
PizzaMarco's Pizza
11%
SnackTropical Smoothie Café
3%

Score Distribution

Percentile by Number Answered

Percent of People with Each Score

Your Score History

You have not taken this quiz